Top 20 Bundesligatorschützen aller Zeiten - Statistiken

Allgemein
  • Dieses Quiz wurde 225 mal gespielt
  • Das Durchschnittsergebnis liegt bei 8 aus 20
Antwortstatistiken
Hint Antwort % Korrekt
9. Dieter Müller
99%
1. Gerd Müller
99%
18. Thomas Müller
99%
2. Robert Lewandowski
95%
6. Claudio Pizarro
58%
16. Marco Reus
53%
13. Karl-Heinz Rummenigge
49%
11. Mario Gomez
49%
3. Klaus Fischer
38%
4. Jupp Heynckes
27%
5. Manfred Burgsmüller
24%
18. Stefan Kießling
22%
7. Ulf Kirsten
20%
9. Klaus Allofs
17%
17. Thomas Allofs
17%
14. Bernd Hölzenbein
11%
15. Fritz Walter
11%
8. Stefan Kuntz
9%
12. Hannes Löhr
6%
20. Bernd Nickel
5%
Keine übereinstimmenden Quizze gefunden
Verteilung der Resultate
Anzahl Personen mit jedem Resultat
Perzentil nach korrekt beantworteten Fragen
Ihre Resultats-Entwicklung
Sie haben dieses Quiz noch nicht gespielt